| 000 | 00942cam a2200229 a 4500 | ||
|---|---|---|---|
| 005 | 20160420155008.0 | ||
| 008 | 990709s1995 sp ab r 00010 spa d | ||
| 020 | _a2831703026 | ||
| 040 |
_ala _cla _dCO-BoIAVH |
||
| 041 | 0 | _aspa | |
| 044 | _ack | ||
| 082 | 0 | 4 |
_a333.76 _bE77d |
| 245 | 1 | 0 |
_aEstrategias para el desarrollo sostenible : _bAmérica Latina ; programa de estrategias para la sostenibilidad de la UICN / _cEditado por Arturo López Ornat |
| 260 |
_aMadrid : _bUICN, _c1995. |
||
| 300 |
_axii, 203 páginas : _bilustraciones, mapas ; _c24 x 21 centímetros |
||
| 650 | 1 | 6 |
_aDesarrollo sostenible _z América Latina _v Estudio de casos. |
| 650 | 2 | 6 |
_aDesarrollo sostenible _z América Latina. |
| 650 | 2 | 6 |
_aPolítica ambiental _z América Latina. |
| 700 | 1 |
_aLópez Ornat, Arturo, _eeditor |
|
| 710 | 2 | _aUnión Internacional para la Conservación de la Naturaleza UICN | |
| 942 |
_2ddc _cLIBRO |
||
| 999 |
_c234 _d234 |
||